000 00818nam a2200301Ia 4500
005 20250425161839.0
008 250425s9999 xx 000 0 und d
020 _a9688800112
041 _aspa
043 _amx
082 _a657.48
100 _aHORNGREN, CHARLES T.
245 0 _aCONTABILIDAD FINANCIERA: INTRODUCION
250 _a1A ED.
260 _aMéxico
_bPRENTICE- HALL HISPANOAMERICANA, S.A.
_c1983
260 _aS.L.
300 _a736
500 _aTítulo Traducido: INTRODUCTION TO FIANCIAL ACCOUNTING
650 _aBALANCES
650 _aCONTABILIDAD FINANCIERA
650 _aESTADOS FINANCIEROS
650 _aINVENTARIOS
650 _aINVERSIONES
700 _aPEDRO A. PRADA J.
_etraductor
710 _aPRENTICE-HALL HISPANOAMERICANA, S.A.
942 _c01
010 _a32196
999 _c217350
_d217350